Quiz o Lesznie - Statystyki

Ogólne statystyki
  • Ten quiz został rozwiązany 22 razy
  • Średni wynik to 6 z 10
Statystyki odpowiedzi
Wskazówka Odpowiedź % Poprawnych
Tablice rejestracyjne Leszna PL
100%
Żużlowy klub z Leszna Unia Leszno
94%
Węzeł Leszno Zachód łączy drogę ekspresową... S5
83%
Pomnik tego żużlowca znajduję się w mieście Alfred Smoczyk
78%
Obecny prezydent Leszna Grzegorz Rusiecki
78%
Zwierzę przedstawione na herbie Leszna Tur
61%
Nazwa corocznego airshow w Lesznie Antidotum
56%
W roku 1993 otwarto w Lesznie pierwszy w Polsce... Park wodny
44%
Rok nadania praw miejskich 1547
11%
Imię zabytkowego, drewnianego wiatraku Antoni
6%
Nie znaleziono quizów pasujących do podanych kryteriów
Rozkład punktacji
Procent ludzi z każdym wynikiem
Percentyl według liczby udzielonych odpowiedzi
Twoja historia wyników
Nie rozwiązałeś tego quizu